Posuny a otřesy ponaučení z finanční krize

Salvato in:
Dettagli Bibliografici
Autore principale: Wolf, Martin
Altri autori: Zatloukal, Jiří
Natura: Libro
Lingua:ceco
Pubblicazione: Praha Euromedia Group - Knižní klub 2016
Serie:Universum
Soggetti:
Tags: Aggiungi Tag
Nessun Tag, puoi essere il primo ad aggiungerne!!

MARC

LEADER 00000nam a2200000 4500
001 0224251
005 20230109073143.3
020 |a 978-80-242-5448-7 
020 |a 978-80-249-5448-7 (vzadu na obale) 
041 0 |a cze 
044 |a CZ 
245 1 0 |a Posuny a otřesy  |b ponaučení z finanční krize  |c Martin Wolf ; přeložil: Jiří Zatloukal 
264 1 |a Praha  |b Euromedia Group - Knižní klub  |c 2016 
300 |a 490 s. 
490 1 |a Universum 
830 0 |a Universum 
610 2 0 |a kríza finančná 
610 2 0 |a kríza hospodárska 
610 2 0 |a eurozóna 
610 2 0 |a trh finančný medzinárodný 
610 2 0 |a únie menové 
610 2 0 |a politika finančná 
610 2 0 |a reformy hospodárske 
100 1 |a Wolf, Martin 
700 1 |a Zatloukal, Jiří